[Event "North American op 23rd"]
[Site "Oklahoma"]
[Date "2004.09.06"]
[Round "8"]
[White "Galant, Sergey"]
[Black "Taliaferro, Mike"]
[Result "1-0"]
[WhiteElo "2211"]
[BlackElo "1874"]
[PlyCount "103"]
[EventDate "2004.09.03"]
[EventType "swiss"]
[EventRounds "8"]
[EventCountry "USA"]
[SourceTitle "CBM 102 Extra"]
[Source "ChessBase"]
[SourceDate "2004.11.03"]
[SourceVersion "1"]
[SourceVersionDate "2004.11.03"]
[SourceQuality "1"]

1. e4 c5 2. c3 Nf6 3. e5 Nd5 4. d4 cxd4 5. cxd4 e6 6. Nc3 d6 7. Nf3 a6 8. Bd3 Nd7 9. Nxd5 exd5 10. 0-0 dxe5 11. dxe5 Be7 12. Be3 0-0 13. Bb1 Nb8 14. Qd3 g6 15. Bh6 Re8 16. a3 Bf5 17. Qb3 Bxb1 18. Raxb1 Qd7 19. Rbd1 Rd8 20. Rd3 Nc6 21. Rfd1 d4 22. Be3 Bc5 23. Qc2 Ba7 24. Bg5 Re8 25. Bf6 Qf5 26. Re1 Bb8 27. Rd2 Qxc2 28. Rxc2 Bc7 29. g3 Bd8 30. Bxd8 Raxd8 31. Rd2 f6 32. exf6 Rxe1+ 33. Nxe1 Kf7 34. Nd3 Kxf6 35. Nc5 Ne5 36. Kf1 Nc4 37. Rc2 b5 38. Ke2 Rd5 39. Nd3 a5 40. a4 Ne5 41. b3 g5 42. Nxe5 Kxe5 43. Kd3 Kd6 44. Rc8 Kd7 45. Rh8 Kc6 46. Rxh7 Kc5 47. Rb7 bxa4 48. bxa4 Kc6 49. Rg7 Rf5 50. Kxd4 Rxf2 51. Rxg5 Rxh2 52. Rxa5 1-0

[Event "North American op 23rd"]
[Site "Oklahoma"]
[Date "2004.09.06"]
[Round "7"]
[White "Taliaferro, Mike"]
[Black "Simo, Judit"]
[Result "1-0"]
[WhiteElo "1874"]
[BlackElo "2040"]
[PlyCount "45"]
[EventDate "2004.09.03"]
[EventType "swiss"]
[EventRounds "8"]
[EventCountry "USA"]
[SourceTitle "CBM 102 Extra"]
[Source "ChessBase"]
[SourceDate "2004.11.03"]
[SourceVersion "1"]
[SourceVersionDate "2004.11.03"]
[SourceQuality "1"]

1. d4 Nf6 2. c4 e6 3. Nf3 b6 4. Bf4 Bb7 5. a3 d6 6. Nc3 Ne4 7. Nxe4 Bxe4 8. e3 Be7 9. Bd3 Bxd3 10. Qxd3 f5 11. e4 g5 12. Bd2 g4 13. Ng1 0-0 14. 0-0-0 c5 15. exf5 exf5 16. h3 Nc6 17. hxg4 cxd4 18. gxf5 Qc8 19. Qg3+ Kh8 20. Rxh7+ Kxh7 21. Qg6+ Kh8 22. Nf3 Bh4 23. Rh1 1-0

[Event "Norman Weasel op"]
[Site "Norman"]
[Date "2004.06.27"]
[Round "5"]
[White "Taliaferro, Mike"]
[Black "Rand, Mark"]
[Result "1/2-1/2"]
[WhiteElo "1874"]
[BlackElo "1981"]
[PlyCount "103"]
[EventDate "2004.06.26"]
[EventType "swiss"]
[EventRounds "5"]
[EventCountry "USA"]
[EventCategory "1"]
[SourceTitle "EXT 2006"]
[Source "ChessBase"]
[SourceDate "2005.11.24"]
[SourceVersion "1"]
[SourceVersionDate "2005.11.24"]
[SourceQuality "1"]

1. Nf3 d6 2. d4 Nf6 3. Bf4 g6 4. e3 Bg7 5. Be2 0-0 6. Nbd2 a6 7. 0-0 c5 8. c3 Bd7 9. a4 Nc6 10. Nc4 Be6 11. dxc5 dxc5 12. Qxd8 Raxd8 13. Rfd1 Nd5 14. Bg3 Bxc3 15. Rxd5 Bxd5 16. bxc3 f6 17. Nb6 Be4 18. Bc4+ Kg7 19. Bc7 Rde8 20. Be6 Bxf3 21. gxf3 Ne5 22. f4 Nf3+ 23. Kg2 Nh4+ 24. Kh3 Nf5 25. Bd7 Kf7 26. Bxe8+ Rxe8 27. Rd1 Ng7 28. Nd5 e6 29. Nb6 Nf5 30. Rd7+ Re7 31. Rxe7+ Kxe7 32. e4 Nd6 33. Bxd6+ Kxd6 34. Nc4+ Kc6 35. e5 f5 36. Kh4 h6 37. Kg3 b5 38. axb5+ axb5 39. Nd2 Kd5 40. h4 b4 41. cxb4 cxb4 42. Kf3 Kd4 43. Ke2 Kc3 44. Ke3 Kc2 45. Nc4 Kc3 46. Na5 b3 47. Nxb3 Kxb3 48. Kd3 Kb4 49. Kd4 Kb5 50. Kd3 Kc5 51. Kc3 Kd5 52. Kd3 1/2-1/2

[Event "Norman Weasel op"]
[Site "Norman"]
[Date "2004.06.26"]
[Round "3"]
[White "Taliaferro, Mike"]
[Black "Unruh, Chuck D"]
[Result "1/2-1/2"]
[WhiteElo "1874"]
[BlackElo "2145"]
[PlyCount "85"]
[EventDate "2004.06.26"]
[EventType "swiss"]
[EventRounds "5"]
[EventCountry "USA"]
[EventCategory "1"]
[SourceTitle "EXT 2006"]
[Source "ChessBase"]
[SourceDate "2005.11.24"]
[SourceVersion "1"]
[SourceVersionDate "2005.11.24"]
[SourceQuality "1"]

1. Nf3 Nf6 2. d4 g6 3. Bf4 d6 4. e3 c6 5. Nbd2 Nh5 6. Bg3 Nxg3 7. hxg3 Bg7 8. c3 a5 9. a4 Nd7 10. Bc4 Nf6 11. Qb3 d5 12. Bd3 0-0 13. e4 dxe4 14. Nxe4 Nxe4 15. Bxe4 Qc7 16. Ng5 e5 17. 0-0-0 exd4 18. Rxh7 Qe7 19. f4 dxc3 20. Bxg6 cxb2+ 21. Kb1 Be6 22. Nxe6 fxe6 23. Rdh1 Rf6 24. f5 Rxg6 25. fxg6 Re8 26. Rf1 Qg5 27. Rxg7+ Kxg7 28. Qxb7+ Re7 29. Qxb2+ Kxg6 30. Qc2+ Kg7 31. Qc3+ Kg6 32. Qxc6 Qe3 33. Qc2+ Kg7 34. Qb2+ e5 35. Rf3 Qe4+ 36. Qc2 Qe1+ 37. Kb2 Rd7 38. Rd3 Qb4+ 39. Kc1 Rf7 40. Rf3 Rd7 41. Rd3 Rb7 42. Rc3 Rd7 43. Rd3 1/2-1/2

[Event "Bartlesville P 66"]
[Site "Bartlesville"]
[Date "2004.03.27"]
[Round "2"]
[White "Taliaferro, Mike"]
[Black "Hulburd, George"]
[Result "1-0"]
[WhiteElo "1874"]
[BlackElo "1900"]
[PlyCount "69"]
[EventDate "2004.03.27"]
[EventType "swiss (rapid)"]
[EventRounds "5"]
[EventCountry "USA"]
[EventCategory "1"]
[SourceTitle "EXT 2006"]
[Source "ChessBase"]
[SourceDate "2005.11.24"]
[SourceVersion "1"]
[SourceVersionDate "2005.11.24"]
[SourceQuality "1"]

1. d4 d5 2. Nf3 Nf6 3. e3 e6 4. c4 c6 5. Nc3 Nbd7 6. Bd3 Bd6 7. 0-0 0-0 8. e4 dxe4 9. Nxe4 Nxe4 10. Bxe4 Nf6 11. Bd3 Qc7 12. Re1 b6 13. Bg5 Nd7 14. Rc1 Bf4 15. Bxf4 Qxf4 16. g3 Qc7 17. d5 Nf6 18. d6 Qd8 19. b4 Bb7 20. c5 a5 21. a3 axb4 22. axb4 bxc5 23. bxc5 Nd7 24. Ne5 Nxe5 25. Rxe5 Qf6 26. Re2 Ba6 27. Ra2 Bxd3 28. Rxa8 Rxa8 29. Qxd3 g6 30. Rd1 Ra2 31. Rd2 Ra5 32. d7 Qd8 33. Qd6 Ra6 34. Rb2 Kg7 35. Rb8 1-0

[Event "Bixby Roper Inv"]
[Site "Bixby"]
[Date "2004.01.11"]
[Round "5"]
[White "Movsisyan, Movses"]
[Black "Taliaferro, Mike"]
[Result "1-0"]
[WhiteElo "2253"]
[BlackElo "1874"]
[PlyCount "41"]
[EventDate "2004.01.10"]
[EventType "tourn"]
[EventRounds "7"]
[EventCountry "USA"]
[EventCategory "2"]
[SourceTitle "EXT 2006"]
[Source "ChessBase"]
[SourceDate "2005.11.24"]
[SourceVersion "1"]
[SourceVersionDate "2005.11.24"]
[SourceQuality "1"]

1. e4 c5 2. Nf3 d6 3. d4 cxd4 4. Nxd4 Nf6 5. Nc3 a6 6. h3 e6 7. g4 Nc6 8. Be3 d5 9. g5 Nxe4 10. Nxe4 Nxd4 11. Qxd4 dxe4 12. Qxd8+ Kxd8 13. 0-0-0+ Ke8 14. Bg2 f5 15. gxf6 gxf6 16. Bxe4 f5 17. Bf3 h5 18. Rhg1 Bh6 19. Bxh6 Rxh6 20. Rg8+ Ke7 21. Rdd8 1-0

[Event "Bixby Roper Inv"]
[Site "Bixby"]
[Date "2004.01.10"]
[Round "2"]
[White "Taliaferro, Mike"]
[Black "Acken, John"]
[Result "0-1"]
[WhiteElo "1874"]
[BlackElo "1900"]
[PlyCount "140"]
[EventDate "2004.01.10"]
[EventType "tourn"]
[EventRounds "7"]
[EventCountry "USA"]
[EventCategory "2"]
[SourceTitle "EXT 2006"]
[Source "ChessBase"]
[SourceDate "2005.11.24"]
[SourceVersion "1"]
[SourceVersionDate "2005.11.24"]
[SourceQuality "1"]

1. d4 e6 2. Nf3 Nf6 3. c4 b6 4. Nc3 Bb7 5. Bg5 Be7 6. e3 Nc6 7. Be2 0-0 8. 0-0 d5 9. cxd5 Nxd5 10. Nxd5 Qxd5 11. Bxe7 Nxe7 12. Ne1 Qg5 13. Bf3 Nd5 14. g3 Ba6 15. Be2 Nxe3 16. fxe3 Qxe3+ 17. Rf2 Bxe2 18. Qxe2 Qxd4 19. Nf3 Qd5 20. Qe5 c5 21. Qxd5 exd5 22. Rd1 Rfd8 23. Ne5 f6 24. Nc6 Rd7 25. Rxd5 Rc7 26. Rd8+ Rxd8 27. Nxd8 Rd7 28. Nc6 Kf7 29. Re2 a6 30. Kf2 b5 31. Nb8 Rd6 32. Ke1 c4 33. Rd2 Rb6 34. Nd7 Re6+ 35. Kd1 a5 36. Nc5 Rc6 37. Ne4 b4 38. Rc2 Ke6 39. Nd2 Kd5 40. b3 c3 41. Nc4 a4 42. Rf2 axb3 43. axb3 Ke4 44. Kc2 Ra6 45. Rf4+ Kd5 46. Ne3+ Kc5 47. Rc4+ Kb5 48. Nd5 Ra2+ 49. Kd3 Rd2+ 50. Ke4 Re2+ 51. Kd3 Rxh2 52. Nxb4 Rg2 53. Rg4 h5 54. Rxg7 Kxb4 55. Rb7+ Kc5 56. Kxc3 Rxg3+ 57. Kd2 h4 58. Ke2 h3 59. Kf2 Rg2+ 60. Kf1 Rb2 61. Kg1 h2+ 62. Kh1 Kd5 63. Re7 f5 64. b4 f4 65. b5 f3 66. b6 f2 67. Rd7+ Ke4 68. Rd1 Kf3 69. b7 Rxb7 70. Rf1 Ke2 0-1